000 00614nam a22002057a 4500
003 OSt
005 20150429155711.0
008 150429b xxu||||| |||| 00| 0 eng d
020 _a9780729537728
040 _cDNLM
082 _aWS 100 H24e 2006
100 _aHarris Wayne
_94380
245 _aExamination Paediatrics :
_bA guide to Paediatric training /
_cHarris Wayne
250 _a3rd ed.
260 _aSydney:
_bChurchill Livingstone Elsevier ;
_c2006.
300 _axii, 500 p :
_bill ;
_c27 cm.
504 _aIncludes bibliographical references and index
650 _aPaediatrics
_93350
942 _2z
_cSLOAN
999 _c1657
_d1657